<?xml version="1.0" encoding="UTF-8"?>
<marc:record xmlns:marc="http://www.loc.gov/MARC21/slim">
   <marc:leader>00000nam a2200000 a 4500</marc:leader>
   <marc:datafield ind1="1" ind2=" " tag="100">
      <marc:subfield code="a">Franklin, Harald</marc:subfield>
      <marc:subfield code="4">aut</marc:subfield>
      <marc:subfield code="e">Verfasser/-in</marc:subfield>
   </marc:datafield>
   <marc:datafield ind1=" " ind2=" " tag="653">
      <marc:subfield code="a">Rätsel</marc:subfield>
   </marc:datafield>
   <marc:datafield ind1=" " ind2=" " tag="653">
      <marc:subfield code="a">Geschichte WW II</marc:subfield>
   </marc:datafield>
   <marc:datafield ind1=" " ind2=" " tag="653">
      <marc:subfield code="a">Krankheit</marc:subfield>
   </marc:datafield>
   <marc:datafield ind1=" " ind2=" " tag="653">
      <marc:subfield code="a">Hörbuch</marc:subfield>
   </marc:datafield>
   <marc:datafield ind1=" " ind2=" " tag="653">
      <marc:subfield code="a">Schottland</marc:subfield>
   </marc:datafield>
   <marc:datafield ind1=" " ind2=" " tag="653">
      <marc:subfield code="a">Alchemie</marc:subfield>
   </marc:datafield>
   <marc:datafield ind1=" " ind2=" " tag="653">
      <marc:subfield code="a">CD</marc:subfield>
   </marc:datafield>
   <marc:datafield ind1=" " ind2=" " tag="653">
      <marc:subfield code="a">Geschichte 1100-1199</marc:subfield>
   </marc:datafield>
   <marc:datafield ind1="0" ind2="0" tag="245">
      <marc:subfield code="a">Final Step</marc:subfield>
   </marc:datafield>
   <marc:datafield ind1=" " ind2="1" tag="264">
      <marc:subfield code="b">LifeTime Verlag</marc:subfield>
      <marc:subfield code="c">2006</marc:subfield>
   </marc:datafield>
   <marc:datafield ind1="1" ind2=" " tag="520">
      <marc:subfield code="a">1167, Fort William, ein kleines Dorf in den schottischen Highlands. Eine unbekannte tückische Krankheit hat das Dorf befallen. Viele der Bewohner sind bereits qualvoll gestorben. Im düsteren Gebäude von Eilean Donan Castle erfährt der Alchemist und Mediziner Christian Palmer wie diese tödliche Krankheit zu besiegen ist, aber er begeht einen verhängnisvollen Fehler und löst damit eine Kettenreaktion aus. Die nachfolgenden Generationen aus der Umgebung von Fort William sterben alle am selben Tag, auf die Sekunde genau,eines gewaltsamen Todes. Wird es Christian Palmer gelingen, den Teufelskreis zu durchbrechen oder soll auch sein Leben auf tragische Weise ein Ende finden? Mit Joachim Kerzel als Erzähler und vielen anderen bekannten Stimmen entwickelt dieses aufwendig inszenierte Hörspiel einen unwiderstehlichen Sog und hält den Höhrer bis zum packenden Finale in Atem. *Verlag*</marc:subfield>
   </marc:datafield>
   <marc:datafield ind1=" " ind2=" " tag="020">
      <marc:subfield code="a">9785011231926</marc:subfield>
      <marc:subfield code="9">9785011231926</marc:subfield>
   </marc:datafield>
</marc:record>
